| 000 | 01248cam a2200373Ia 4500 | ||
|---|---|---|---|
| 001 | 60244 | ||
| 005 | 20230410132941.0 | ||
| 008 | 060123s2005 ag a b 000 0 spa d | ||
| 035 | _a(OCoLC)ocm63128730 | ||
| 040 |
_aU@S _bspa _cU@S |
||
| 020 | _a9875452106 | ||
| 020 | _a9789875452107 | ||
| 035 | _a(OCoLC)63128730 | ||
| 041 | 1 |
_aspa _heng |
|
| 043 |
_anwht--- _ae------ |
||
| 050 | 1 | 4 |
_aB 2949 _bB922h 2005 |
| 049 | _aGRAL | ||
| 100 | 1 | _aBuck-Morss, Susan. | |
| 245 | 1 | 0 |
_aHegel y Haití : _bla dialéctica amo-esclavo : una interpretación revolucionaria / _cSusan Buck-Morss ; traducción de Fermín Rodríguez. |
| 250 | _a1. ed. | ||
| 260 |
_aBuenos Aires : _bGrupo Editorial Norma, _c2005. |
||
| 300 |
_a103 p. : _bil. ; _c21 cm. |
||
| 440 | 0 | _aColección Vitral | |
| 500 | _aTítulo original: Hegel and Haiti. | ||
| 504 | _aIncluye referencias bibliográficas. | ||
| 600 | 1 | 0 |
_aHegel, Georg Wilhelm Friedrich, _d1770-1831. |
| 650 | 0 |
_aSlavery _xPhilosophy. |
|
| 651 | 0 |
_aHaiti _xHistory _yRevolution, 1791-1804. |
|
| 650 | 0 |
_aSlavery _zHaiti _xPublic opinion _xHistory _y18th century. |
|
| 650 | 0 |
_aIntellectuals _zEurope _xAttitudes _xHistory _y18th century. |
|
| 942 |
_2lcc _cbk |
||
| 994 |
_aC0 _bDRFGD |
||
| 946 | _aLspaulino | ||
| 999 |
_c90748 _d90748 |
||